Mass Communication: (Record no. 191593)
[ view plain ]
| 000 -LEADER | |
|---|---|
| fixed length control field | 00710nam a22002177a 4500 |
| 005 - DATE AND TIME OF LATEST TRANSACTION | |
| control field | 20220830121622.0 |
| 010 ## - LCCN (DPL NO) | |
| LC control number | ENG-134772 |
| 020 ## - INTERNATIONAL STANDARD BOOK NUMBER | |
| International Standard Book Number | 978938046027 |
| Terms of availability | 1695.00 |
| 035 ## - SYSTEM CONTROL NUMBER | |
| System control number | EN-118304 |
| 037 ## - SOURCE OF ACQUISITION | |
| Source of stock number/acquisition | DBAD/PUB |
| Stock number | - |
| 082 ## - DEWEY DECIMAL CLASSIFICATION NUMBER | |
| Classification number | 343.540 |
| 100 ## - MAIN ENTRY--PERSONAL NAME | |
| Personal name | Manukonda,Rabindranath |
| 245 ## - TITLE STATEMENT | |
| Title | Mass Communication: |
| Remainder of title | Laws and Ethics/ |
| Statement of responsibility, etc | Rabindranath Manukonda |
| 260 ## - PUBLICATION, DISTRIBUTION, ETC. (IMPRINT) | |
| Place of publication, distribution, etc | New Delhi |
| Name of publisher, distributor, etc | DPS Publishing House |
| Date of publication, distribution, etc | 2014 |
| 270 ## - ADDRESS | |
| Address | 4598/12B,Gola Cottage,Ansari Road,Darya Ganj |
| City | New Delhi |
| Postal code | 110002 |
| Telephone number | 09811734184 |
| Electronic mail address | dpspublishinghouse.com |
| 300 ## - PHYSICAL DESCRIPTION | |
| Extent | 564p. |
| Dimensions | 22cm(pbk) |
| 700 ## - ADDED ENTRY--PERSONAL NAME | |
| Personal name | Malsawmdawngliana |
| 700 ## - ADDED ENTRY--PERSONAL NAME | |
| Personal name | Lalrameng K.Gangte |
| 700 ## - ADDED ENTRY--PERSONAL NAME | |
| Personal name | Rohmingmawii |
| 942 ## - ADDED ENTRY ELEMENTS (KOHA) | |
| Source of classification or shelving scheme | Dewey Decimal Classification |
| Item type | English Books |
| Classification part | 343.540 |
| Call number suffix | MAN |
| Withdrawn status | Lost status | Not for loan | Collection code | Home library | Current library | Date acquired | Source of acquisition | Cost, normal purchase price | Full call number | Barcode | Copy number | Cost, replacement price | Koha item type |
|---|---|---|---|---|---|---|---|---|---|---|---|---|---|
| Non-fiction | Ashok Vihar | Ashok Vihar | 30/08/2022 | DBAD/PUB | 1695.00 | 343.540 RAB | EN-118304 | 1 | 1695.00 | English Books |
